|
|
|
|
| LEADER |
00000cam a2200000 i 4500 |
| 001 |
1/9417 |
| 008 |
000811s1997 eng d |
| 020 |
|
|
|a 1-85972336-5
|
| 035 |
|
|
|l 10063043
|
| 040 |
|
|
|a GR-MY-UA
|b gre
|e aacr
|
| 041 |
0 |
|
|a eng
|
| 082 |
0 |
|
|a 338.94977
|
| 245 |
1 |
4 |
|a The Bulgarian economy :
|b lessons from reform during early transition /
|c edited by Derek C. Jones, Jeffrey Miller
|
| 260 |
|
|
|a Aldershot, Hants, UK ; :
|a Brookfield, Vt., USA :
|b Ashgate,
|c 1997
|
| 300 |
|
|
|a xvi, 350 p.;
|c 22 cm
|
| 504 |
|
|
|a Includes bibliographical references
|
| 651 |
|
0 |
|a Bulgaria
|x Economic conditions
|y 1989-
|
| 700 |
1 |
|
|a Jones, Derek C.
|4 edt
|
| 700 |
1 |
|
|a Miller, Jeffrey B.
|4 edt
|
| 852 |
|
|
|a INST
|b CHIOS
|e 20000811
|h 338.94977 BUL
|p 005200018133
|q 005200018133
|t BK
|y 0
|
| 901 |
|
|
|a BIBL2-2000-2
|
| 909 |
|
|
|a Χ
|b 076741
|
| 922 |
|
|
|a 2ΕΛΗ
|b 200003
|c ΤΔΕ
|d ΠΑΠΑΣΩΤΗΡΙΟΥ
|
| 970 |
|
|
|z 2000/08/ΔΕΜΕΝΑΓΑΣ
|